00931nam a2200205 a 450000500170000000800410001702000180005805000250007610000170010124500700011825000120018826000400020030000330024044000220027350001470029552001440044265000430058665000460062965000500067520140310183355.0121126s19uu xx 00 eng d a9780071632898 aQA 273.25b.H78 2011 aHsu, Hwei P. aProbability, random variables, and random process /cHwei P. Hsu. a2nd ed. aNew York, NY :bMcGraw-Hill,c2011. aix, 422 p. :bill. ;c28 cm. aSchaum's outlines aIncludes index. Rev. ed. of: Schaum's outline of theory and problems of probability, random variables, and random processes / Hwei Hsu. c1997. aThis ideal review for electrical engineering college students covers probability, random variable, functions of random variables, and more. aProbabilitiesxOutlines, syllabi, etc. aRandom variablesxOutlines, syllabi, etc. aStochastic processesxOutlines, syllabi, etc.